[Event "Titled Tuesday intern op 16th Apr Early"]
[Site "Chess.com INT"]
[Date "2024.04.16"]
[Round "7"]
[White "Andersson, Bjorn2"]
[Black "Melian, Juan Sebastian"]
[Result "0-1"]
[WhiteElo "2156"]
[BlackElo "2162"]
[PlyCount "70"]
[EventDate "2024.04.16"]
[EventType "swiss (blitz)"]
[EventRounds "11"]
[EventCountry "USA"]
[SourceTitle "CB17_2024"]
[SourceDate "2024.04.24"]
[SourceVersion "1"]
[SourceVersionDate "2024.04.24"]
[SourceQuality "1"]

1. e4 c5 2. Nf3 e6 3. d4 cxd4 4. Nxd4 a6 5. Bd3 Qb6 6. Nb3 Qc7 7. N1d2 Nf6 8. g3 Nc6 9. Nc4 b5 10. Ne3 h5 11. Ng2 Ne5 12. f4 Nxd3+ 13. cxd3 Bb7 14. Be3 Rc8 15. Rc1 Qb8 16. 0-0 Ng4 17. Rxc8+ Qxc8 18. Bd4 d6 19. h3 Nf6 20. Qd2 Be7 21. Rc1 Qd7 22. f5 0-0 23. Rf1 e5 24. Be3 d5 25. Nc5 Bxc5 26. Bxc5 Rc8 27. b4 dxe4 28. Rd1 Qxf5 29. Kh2 Rd8 30. Qe3 Rxd3 31. Rxd3 exd3 32. Be7 Qe4 33. Qf2 Qxg2+ 34. Qxg2 Bxg2 35. Kxg2 d2 0-1

[Event "Wch U18"]
[Site "Montesilvano"]
[Date "2023.11.21"]
[Round "8"]
[White "Israilov, Agil"]
[Black "Melian, Juan Sebastian"]
[Result "0-1"]
[WhiteElo "2070"]
[BlackElo "2291"]
[PlyCount "60"]
[EventDate "2023.11.13"]
[EventType "swiss"]
[EventRounds "11"]
[EventCountry "ITA"]
[SourceTitle "CB48_2023"]
[SourceDate "2023.11.29"]
[SourceVersion "1"]
[SourceVersionDate "2023.11.29"]
[SourceQuality "1"]

1. e4 c5 2. Nf3 e6 3. d4 cxd4 4. Nxd4 Nc6 5. Nc3 Qc7 6. Be3 a6 7. Be2 b5 8. 0-0 Bb7 9. a3 Nf6 10. f4 Bc5 11. Kh1 Qb6 12. Nxc6 Bxe3 13. Ne5 Bd4 14. Bd3 d6 15. Ng4 Bxc3 16. bxc3 Nxe4 17. f5 Qc6 18. Qe1 Nf6 19. Nxf6+ gxf6 20. Rf3 Rg8 21. Rg3 Rxg3 22. Qxg3 e5 23. Rg1 Ke7 24. Be2 Rc8 25. Bf3 d5 26. Qg7 Qxc3 27. Bh5 Rf8 28. Qxh7 d4 29. Qh6 Rg8 30. Bg6 Qxc2 0-1

[Event "Wch U18"]
[Site "Montesilvano"]
[Date "2023.11.17"]
[Round "5"]
[White "Melian, Juan Sebastian"]
[Black "Ciszewski, Krzysztof"]
[Result "1-0"]
[WhiteElo "2291"]
[BlackElo "2120"]
[PlyCount "95"]
[EventDate "2023.11.13"]
[EventType "swiss"]
[EventRounds "11"]
[EventCountry "ITA"]
[SourceTitle "CB48_2023"]
[SourceDate "2023.11.29"]
[SourceVersion "1"]
[SourceVersionDate "2023.11.29"]
[SourceQuality "1"]

1. c4 e5 2. Nc3 Nf6 3. Nf3 Nc6 4. e3 d5 5. cxd5 Nxd5 6. Bb5 Nxc3 7. bxc3 e4 8. Nd4 Bd7 9. 0-0 Bd6 10. Qa4 0-0 11. Nxc6 bxc6 12. Bxc6 Bxc6 13. Qxc6 Qh4 14. g3 Qe7 15. Rb1 Rab8 16. Bb2 Rb6 17. Qa4 Bc5 18. Ba1 Rd6 19. Rbd1 Rfd8 20. c4 Rxd2 21. Rxd2 Rxd2 22. Rd1 Qd8 23. Rxd2 Qxd2 24. Bd4 Bf8 25. Bxa7 h5 26. h4 Kh7 27. Kg2 Qe2 28. c5 f5 29. Qd7 Qf3+ 30. Kg1 Bd6 31. cxd6 Qd1+ 32. Kg2 Qf3+ 33. Kg1 Qd1+ 34. Kh2 Qf3 35. Qb5 Qxf2+ 36. Kh3 cxd6 37. Bd4 Qf3 38. Kh2 Qf2+ 39. Kh3 Qf3 40. Qb2 Qh1+ 41. Qh2 Qd1 42. Qg2 d5 43. Kh2 Qe1 44. Qc2 Qf1 45. Qb2 Qe1 46. Bxg7 Qxe3 47. Bd4 Qh6 48. Qb7+ 1-0

[Event "Wch U18"]
[Site "Montesilvano"]
[Date "2023.11.16"]
[Round "4"]
[White "Briem, Benedikt"]
[Black "Melian, Juan Sebastian"]
[Result "1-0"]
[WhiteElo "2149"]
[BlackElo "2291"]
[PlyCount "96"]
[EventDate "2023.11.13"]
[EventType "swiss"]
[EventRounds "11"]
[EventCountry "ITA"]
[SourceTitle "CB48_2023"]
[SourceDate "2023.11.29"]
[SourceVersion "1"]
[SourceVersionDate "2023.11.29"]
[SourceQuality "1"]

1. d4 d5 2. c4 e6 3. Nf3 Nf6 4. g3 Be7 5. Bg2 0-0 6. 0-0 dxc4 7. Qc2 b5 8. a4 b4 9. Qxc4 Ba6 10. Qc2 Nbd7 11. Ne5 Nxe5 12. dxe5 Nd5 13. Rd1 Qc8 14. h4 c5 15. Bg5 Bxg5 16. hxg5 Rd8 17. Be4 g6 18. Bf3 Qc7 19. Nd2 Rac8 20. Bxd5 exd5 21. Nf3 d4 22. Rac1 b3 23. Qe4 Bb7 24. Qf4 Bxf3 25. exf3 Rd5 26. Qg4 Re8 27. f4 d3 28. Rd2 c4 29. Qf3 Red8 30. Qe3 Qc5 31. e6 Qxe3 32. exf7+ Kxf7 33. fxe3 Rc8 34. Kf2 Ke6 35. Kf3 Kd6 36. g4 Kc5 37. e4 Rd7 38. e5 Kd4 39. e6 Re7 40. Re1 Kd5 41. f5 Kd6 42. Re4 Rc5 43. Kf4 Re8 44. Rd4+ Kc6 45. f6 h5 46. e7 hxg4 47. Rd8 c3 48. bxc3 Rc4+ 1-0

[Event "Wch U20 60th"]
[Site "Mexico City"]
[Date "2023.09.29"]
[Round "8"]
[White "Melian, Juan Sebastian"]
[Black "Stolyarsky, Yegor"]
[Result "1-0"]
[WhiteElo "2295"]
[BlackElo "2100"]
[PlyCount "59"]
[EventDate "2023.09.21"]
[EventType "swiss"]
[EventRounds "11"]
[EventCountry "MEX"]
[SourceTitle "EXT 2024"]
[Source "ChessBase"]
[SourceDate "2023.10.10"]
[SourceVersion "1"]
[SourceVersionDate "2023.10.10"]
[SourceQuality "1"]

1. e4 e5 2. Nf3 Nc6 3. Bc4 Bc5 4. c3 Nf6 5. d4 exd4 6. b4 Bb6 7. e5 d5 8. exf6 dxc4 9. Qe2+ Be6 10. b5 d3 11. Qe4 Na5 12. fxg7 Rg8 13. Bg5 Qd5 14. Qxh7 Kd7 15. 0-0 Rae8 16. Bf6 Qxb5 17. Nbd2 Nc6 18. Rae1 Qf5 19. Qxf5 Bxf5 20. Rxe8 Rxe8 21. Nxc4 Rg8 22. Re1 Bc5 23. Nce5+ Nxe5 24. Nxe5+ Ke6 25. Ng4+ Be4 26. Rxe4+ Kf5 27. Re5+ Kxg4 28. Rxc5 c6 29. f3+ Kf4 30. Bg5# 1-0

[Event "Wch U20 60th"]
[Site "Mexico City"]
[Date "2023.09.22"]
[Round "2"]
[White "Melian, Juan Sebastian"]
[Black "Koellner, Ruben Gideon"]
[Result "0-1"]
[WhiteElo "2295"]
[BlackElo "2485"]
[PlyCount "98"]
[EventDate "2023.09.21"]
[EventType "swiss"]
[EventRounds "11"]
[EventCountry "MEX"]
[SourceTitle "EXT 2024"]
[Source "ChessBase"]
[SourceDate "2023.10.10"]
[SourceVersion "1"]
[SourceVersionDate "2023.10.10"]
[SourceQuality "1"]

1. e4 e5 2. Bc4 Nf6 3. d3 c6 4. Nf3 d5 5. Bb3 a5 6. a4 Bb4+ 7. c3 Bd6 8. exd5 cxd5 9. Bg5 Be6 10. Na3 Nc6 11. Nb5 Bb8 12. 0-0 h6 13. Bh4 0-0 14. Qd2 Qe7 15. Rfe1 Rd8 16. h3 Ra6 17. Re2 Rb6 18. Rae1 Re8 19. Ba2 Kh8 20. Bb1 Qf8 21. Bg3 Nd7 22. d4 e4 23. Bxb8 Rxb8 24. Nh2 f5 25. c4 Bg8 26. c5 Ra6 27. f3 b6 28. cxb6 Raxb6 29. b3 Qb4 30. Qd1 Nf6 31. Nf1 Rxb5 32. axb5 Nxd4 33. Rb2 Nxb5 34. Ne3 Qc5 35. Kh1 d4 36. Nf1 Nc3 37. Qc2 Qb4 38. Ng3 Bh7 39. fxe4 fxe4 40. Qc1 Nxb1 41. Rxb1 e3 42. Ra1 Re8 43. Nf1 e2 44. Nd2 d3 45. Ra4 Qb6 46. Qc3 Qf2 47. Nf3 Be4 48. Rxe4 Nxe4 49. Qxd3 Qxe1+ 0-1

[Event "Titled Tuesday intern op 12th Sep Early"]
[Site "Chess.com INT"]
[Date "2023.09.12"]
[Round "2"]
[White "Kravtsiv, Martyn"]
[Black "Melian, Juan Sebastian"]
[Result "1-0"]
[WhiteElo "2598"]
[BlackElo "2295"]
[PlyCount "29"]
[EventDate "2023.09.12"]
[EventType "swiss (blitz)"]
[EventRounds "11"]
[EventCountry "USA"]
[SourceTitle "EXT 2024"]
[Source "ChessBase"]
[SourceDate "2023.10.10"]
[SourceVersion "1"]
[SourceVersionDate "2023.10.10"]
[SourceQuality "1"]

1. e4 c5 2. Nf3 e6 3. d4 cxd4 4. Nxd4 a6 5. Be2 Nf6 6. Nc3 Qc7 7. 0-0 b5 8. e5 b4 9. exf6 bxc3 10. Bf3 d5 11. Re1 Bb7 12. Nxe6 fxe6 13. Rxe6+ Kd8 14. Bg5 Kc8 15. Bg4 1-0

[Event "Buenos Aires Lopez Memorial"]
[Site "Buenos Aires"]
[Date "2023.06.29"]
[Round "3"]
[White "Melian, Juan Sebastian"]
[Black "Paveto, Kevin"]
[Result "1-0"]
[WhiteElo "2092"]
[BlackElo "2446"]
[PlyCount "53"]
[EventDate "2023.06.27"]
[EventType "tourn"]
[EventRounds "9"]
[EventCountry "ARG"]
[SourceTitle "EXT 2024"]
[Source "ChessBase"]
[SourceDate "2023.10.10"]
[SourceVersion "1"]
[SourceVersionDate "2023.10.10"]
[SourceQuality "1"]

1. Nf3 d5 2. d4 e6 3. c4 h6 4. g3 Nf6 5. Bg2 Bd6 6. 0-0 0-0 7. Nbd2 b6 8. b3 Bb7 9. Bb2 Nbd7 10. Rc1 Rc8 11. Ne5 Bxe5 12. dxe5 Ng4 13. Nf3 dxc4 14. Rxc4 f5 15. Rd4 Rf7 16. h3 Bxf3 17. exf3 Ngxe5 18. f4 c5 19. Rd6 Ng6 20. Rxe6 Nf6 21. Rd6 Qf8 22. Qd3 Ne7 23. Re1 Re8 24. Ree6 Ne4 25. Bxe4 fxe4 26. Qxe4 Rd8 27. Rxe7 1-0

[Event "Buenos Aires Lopez Memorial"]
[Site "Buenos Aires"]
[Date "2023.06.28"]
[Round "2"]
[White "Romero Barreto, Jaime Jose"]
[Black "Melian, Juan Sebastian"]
[Result "0-1"]
[WhiteElo "2313"]
[BlackElo "2092"]
[PlyCount "68"]
[EventDate "2023.06.27"]
[EventType "tourn"]
[EventRounds "9"]
[EventCountry "ARG"]
[SourceTitle "EXT 2024"]
[Source "ChessBase"]
[SourceDate "2023.10.10"]
[SourceVersion "1"]
[SourceVersionDate "2023.10.10"]
[SourceQuality "1"]

1. e4 c5 2. Nf3 e6 3. g3 Nc6 4. Bg2 Nf6 5. Qe2 e5 6. 0-0 Be7 7. c3 0-0 8. Na3 Re8 9. d3 d5 10. exd5 Qxd5 11. Nc4 Bf8 12. Be3 Qd8 13. Ng5 Qc7 14. a4 b6 15. Ne4 Nxe4 16. Bxe4 f5 17. Bg2 g6 18. b4 cxb4 19. cxb4 Bb7 20. Rfc1 Qd7 21. a5 Nxb4 22. Bxb7 Qxb7 23. axb6 axb6 24. Rxa8 Qxa8 25. Nxb6 Qd8 26. Rc8 Qe7 27. Rxe8 Qxe8 28. Qb2 Qe6 29. Qc3 h5 30. Qc7 f4 31. gxf4 Nxd3 32. fxe5 Qg4+ 33. Kf1 Qd1+ 34. Kg2 Ne1+ 0-1

[Event "Titled Tuesday intern op 06th Jun Late"]
[Site "Chess.com INT"]
[Date "2023.06.06"]
[Round "6"]
[White "Torres Dominguez, David"]
[Black "Melian, Juan Sebastian"]
[Result "0-1"]
[WhiteElo "1976"]
[BlackElo "2282"]
[PlyCount "72"]
[EventDate "2023.06.06"]
[EventType "swiss (blitz)"]
[EventRounds "11"]
[EventCountry "USA"]
[SourceTitle "EXT 2024"]
[Source "ChessBase"]
[SourceDate "2023.10.10"]
[SourceVersion "1"]
[SourceVersionDate "2023.10.10"]
[SourceQuality "1"]

1. e4 d6 2. Nc3 g6 3. d4 Bg7 4. Bf4 a6 5. Qd2 b5 6. 0-0-0 Bb7 7. f3 Nd7 8. e5 Nb6 9. Bd3 e6 10. exd6 cxd6 11. Ne4 Bxe4 12. fxe4 Ne7 13. Bh6 0-0 14. h4 f6 15. h5 Bxh6 16. Qxh6 g5 17. e5 Nf5 18. Bxf5 exf5 19. Nf3 Kh8 20. exf6 Rxf6 21. Qxg5 Nd5 22. Kb1 Qa5 23. Qd2 Qc7 24. h6 Rc8 25. Rhe1 b4 26. Re2 Qa5 27. Rde1 Rff8 28. Qd3 Qb6 29. Qb3 Qc6 30. Ng5 a5 31. Re6 a4 32. Qd3 b3 33. cxb3 axb3 34. axb3 Nf4 35. Qg3 Qc2+ 36. Ka2 Ra8# 0-1